000 005070000a22001930004500
001 003765
003 MACL
005 20151025155558.0
008 151025b xxu||||| |||| 00| 0 eng d
040 _aMACL
_cMACL
041 _aEnglish
082 _a923/KUL
100 _aKulkarni A. R,
_916801
245 _aMaharashtra In the age Of Shivaji
_b(A Study in Economic History
_cKulkarni A. R
260 _aPune
_c2002
_bPrabha prakashan,
350 _a300
650 _aHistory
_916802
942 _k923
_cBK
_2ddc
999 _c15659
_d15659